Vai trò tri thức khoa học trong nền kinh tế tri thức ở nước ta hiện nay
Một số vấn đề chung về tri thức khoa học và kinh tế tri thức. Phát huy vai trò của tri thức khoa học trong việc phát triển nền kinh tế tri thức ở nước ta hiện nay.
Na minha lista:
| Autor principal: | |
|---|---|
| Outros Autores: | |
| Formato: | Livro |
| Idioma: | Vietnamese |
| Publicado em: |
Đà Nẵng
Đại học Đà Nẵng
2011
|
| Assuntos: | |
| Tags: |
Adicionar Tag
Sem tags, seja o primeiro a adicionar uma tag!
|
| Thư viện lưu trữ: | Mạng thư viện Đại học Đà Nẵng |
|---|
| LEADER | 01552nam a2200373 4500 | ||
|---|---|---|---|
| 001 | 000011782 | ||
| 003 | 8053 | ||
| 005 | 20120210090245.0 | ||
| 008 | 120210s2011 viesd | ||
| 041 | |a vie | ||
| 072 | |a Khóa luận tốt nghiệp | ||
| 082 | |a 330.921 |b NG-D | ||
| 100 | |a Nguyễn, Thị Thùy Dương |e Tác giả | ||
| 245 | |a Vai trò tri thức khoa học trong nền kinh tế tri thức ở nước ta hiện nay |c Nguyễn Thị Thùy Dương | ||
| 260 | |a Đà Nẵng |b Đại học Đà Nẵng |c 2011 | ||
| 300 | |a 77 tr. |c 29 cm | ||
| 500 | |a Khóa luận tốt nghiệp khoa Giáo dục chính trị. Lớp 07 SGC | ||
| 520 | |a Một số vấn đề chung về tri thức khoa học và kinh tế tri thức. Phát huy vai trò của tri thức khoa học trong việc phát triển nền kinh tế tri thức ở nước ta hiện nay. | ||
| 653 | |a Vai trò | ||
| 653 | |a Tri thức khoa học | ||
| 653 | |a Kinh tế tri thức | ||
| 653 | |a Việt Nam | ||
| 653 | |a Phát triển | ||
| 700 | |a Trần Hồng Lưu |c T.S |e Hướng dẫn | ||
| OWN | |a LSP | ||
| AVA | |a UDN50 |b LSP |d 330.921 NG-D |e available |t Error 5001 Not defined in file expand_doc_bib_avail. |f 1 |g 0 |h N |i 0 |k 1 | ||
| 999 | |a From the UDN01 | ||
| AVA | |a UDN50 |b LSP |d 330.921 NG-D |e available |t Error 5001 Not defined in file expand_doc_bib_avail. |f 1 |g 0 |h N |i 0 |k 1 | ||
| TYP | |a Monograph | ||
| TYP | |a Printed language | ||
| 980 | |a Mạng thư viện Đại học Đà Nẵng | ||